Disney characters beginning with the letter H - Statistics

General Stats
  • This quiz has been taken 22 times
  • The average score is 3 of 12
Answer Stats
Answer % Correct
Hercules
74%
Happy
58%
Hades
53%
Hermes
26%
Horace
26%
Huey
26%
Hera
21%
Hugo
21%
Hyacinth Hippo
11%
Harold the seahorse
5%
Humbert the huntsman
5%
Humprey the bear
0%
No matching quizzes found
Score Distribution
Percent of People with Each Score
Percentile by Number Answered
Your Score History
You have not taken this quiz